Sprawdzian z WOS-u – władza wykonawcza i ustawodawcza - Statystyki

Ogólne statystyki
  • Ten quiz został rozwiązany 854 razy
  • Średni wynik to 6 z 11
Statystyki odpowiedzi
Zagadnienie Odpowiedź % Poprawnych
Wskaż właściwe dokończenie zdania. Liczba posłów zasiadających w Sejmie RP wynosi: 460
86%
Wskaż osobę, która sprawowała urząd Prezydenta RP w latach 1995–2005. Aleksander Kwaśniewski
77%
Określ, które z podanych zadań są realizowane przez sejm, a które – przez senat. [Pytanie oryginalnie zamknięte wielokrotnego wyboru, zaznacz to, co dotyczy sejmu] Kontroluje działalność rządu i innych organów
72%
Państwo prawa; Wszystkie urzędy w państwie muszą przestrzegać prawa.
68%
Podaj nazwę partii politycznej, która ma najwięcej przedstawicieli w obecnym sejmie. [Pytanie oryginalnie otwarte] Prawo i Sprawiedliwość
64%
Przyporządkuj wymienionym konstytucyjnym zasadom ustroju Polski odpowiednie wyjaśnienia: Suwerenność narodu; Władza w państwie należy do narodu.
61%
Określ, które z podanych zadań są realizowane przez sejm, a które – przez senat. [Pytanie oryginalnie zamknięte wielokrotnego wyboru, zaznacz to, co dotyczy senatu] Sprawuje opiekę nad Polonią.
59%
Określ, które z podanych zadań są realizowane przez sejm, a które – przez senat. [Pytanie oryginalnie zamknięte wielokrotnego wyboru, zaznacz to, co dotyczy sejmu] Uchwala wotum zaufania dla rządu.
55%
Określ, które z podanych zadań są realizowane przez sejm, a które – przez senat. [Pytanie oryginalnie zamknięte wielokrotnego wyboru, zaznacz to, co dotyczy senatu] Zatwierdza decyzję prezydenta o przeprowadzeniu referendum ogólnokrajowego.
53%
Republikańska forma rządów. Wybrane przez obywateli władze pełnią swoje funkcje przez ściśle określony czas.
47%
Podaj imię i nazwisko osoby, która pełni obecnie urząd Prezesa Rady Ministrów RP. [Pytanie oryginalnie otwarte] Mateusz Morawiecki
8%
Nie znaleziono quizów pasujących do podanych kryteriów
Rozkład punktacji
Procent ludzi z każdym wynikiem
Percentyl według liczby udzielonych odpowiedzi
Twoja historia wyników
Nie rozwiązałeś tego quizu